000 00701nam a2200265Ia 4500
003 OSt
005 20220926011013.0
006 a|||||r|||| 00| 0
007 ta
008 220923b |||||||| |||| 00| 0 eng d
020 _a0133017621
037 _cGeneral Book
040 _aRTL
_cRTL
_beng
041 _2eng
_aeng
082 _aY2, K4;M2
100 _aGoode William J
245 0 _aFamily
250 _a2
260 _aNew Jersey
_bPrentice Hall
_c1982
300 _axviii,200p
_ccm.
490 _aPrentice Hall Foundations of Modern Sociology Series
650 _aFamily Sociology
942 _hY2, K4;M2
_cGB
_2CC
999 _c618825
_d618825